000 01809ntm a2200277 a 4500
001 75344
003 BD-RjUL
005 20211209082656.0
008 190314s2008 bg a|||| mb|| 00| 0 ben d
035 _a(BD-RjUL)75562
040 _aBD-RjUL
_bben
_cBD-RjUL
_dBD-RjUL
041 _aben
082 0 _223
_a027.054924
_bCHR 2008
100 1 _aচৌধুরী, সাদেক রেজা
_9229388
245 1 0 _aরাজশাহী জেলার আরকাইভস সমূহের নথিপত্রের সংগ্রহ, সংরক্ষণ, মূল্যায়ন ও প্রশাসনিক ব্যবস্থাপনা /
_cসাদেক রেজা চৌধুরী ;
_6তত্ত্বাবধায়ক : মো. মাহবুবর রহমান
260 _aরাজশাহী :
_bইতিহাস বিভাগ, রাজশাহী বিশ্ববিদ্যালয়,
_c২০০৮
300 _axv, ৫৩৯ পাতা :
_bচিত্র ;
_c২৯ সেমি.
502 _aথিসিস (পিএইচ. ডি.) -- ইতিহাস বিভাগ, রাজশাহী বিশ্ববিদ্যালয়, ২০০৮.
504 _aগ্রন্থপঞ্জি : পাতা [৪১৭]-৪৩৮
650 _aআরকাইভস
_xইতিহাস
_zবাংলাদেশ
_zরাজশাহী
_9124512
650 _aArchives
_xHistory
_zBangladesh
_zRajshahi
_9229389
650 _aআরকাইভস
_zবাংলাদেশ
_zরাজশাহী
_xপ্রশাসন
_9124512
650 _aArchives
_zBangladesh
_zRajshahi
_xAdministration.
_9244282
700 _aরহমান, মো. মাহবুবর, তত্ত্বাবধায়ক
_963858
942 _2ddc
_cTHE
999 _c75344
_d75344